000 00638nam a2200241Ia 4500
003 OSt
005 20221007082546.0
006 a|||||r|||| 00| 0
007 ta
008 221006b |||||||| |||| 00| 0 eng d
024 _a14,831
037 _cReports / Technical Reports
040 _aFLL
_cFLL
_beng
041 _2eng
_aeng
082 _aX:9:Z2, N3
110 _aGovt. of india
245 0 _aCommittee on industrial sickness and corporate restructuring
260 _c1993
300 _a104p
_ccm.
700 _aGovt. of india
942 _hX:9:Z2, N3
_cREP
_2CC
999 _c1166856
_d1166856